| 000 | 00000nas##2200000za#4500 |
|---|---|
| 001 | 9.506790 |
| 003 | CaOODSP |
| 005 | 20200331213134 |
| 007 | cr ||||||||||| |
| 008 | 150406c1999||||xxc|| p o||||f| |0eng|d |
| 040 | |aCaOODSP|beng |
| 043 | |an-cn--- |
| 086 | 1 |aH30-10/4E-PDF |
| 110 | 1 |aCanada.|bHealth Canada. |bHealth Promotion and Programs Branch. |
| 245 | 10|aReport on tobacco control |h[electronic resource] |
| 260 | |aOttawa - Ontario : |bHealth Canada. |
| 310 | |aAnnual |
| 362 | 1 |aJanuary - December 1999- |
| 690 | 07|aTobacco industry|2gcpds |
| 775 | 08|tRapport sur la lutte contre le tabagisme.|w(CaOODSP)9.503185 |